Statistics for Marvel MCU by Rotten Tomato Scores

Click here to take the quiz!

General Stats

  • This quiz has been taken 1,742 times
    (864 since last reset)
  • The average score is 9 of 12

Answer Stats

Rotten Tomato ScoreMovie% Correct
94%Avengers: Endgame
95%
94%Iron Man
95%
91%The Avengers
91%
92%Spider-Man Homecoming
85%
90%Captain America: Civil War
83%
96%Black Panther
82%
90%Captain America: The Winter Soldier
79%
93%Spider-Man: No Way Home
78%
90%Spider-Man: Far From Home
75%
92%Guardians of The Galaxy
70%
93%Thor: Ragnarok
61%
91%Shang-Chi and the 10 Rings
55%

Score Distribution

Percentile by Number Answered

Percent of People with Each Score

Your Score History

You have not taken this quiz since the last reset